000 00310 a2200133 4500
001 154161
040 _cEscola São Tomás de Aquino
240 1 0 _aMinidicionário saraiva
_lpor
245 1 0 _aMinidicionário saraiva
362 0 _a2003
440 1 _aSaraiva
697 _aDicionários espanhol
942 _cBK
999 _c154161
_d154161